| 000 | 01402nam a22002897a 4500 | ||
|---|---|---|---|
| 999 |
_c29497 _d29468 |
||
| 003 | EG-ScBUE | ||
| 005 | 20210926142044.0 | ||
| 008 | 210925s2012 ua f b 000 0 ara d | ||
| 017 | _a2011/21659 | ||
| 020 | _a9789777164467 | ||
| 040 |
_aEG-ScBUE _bara _erda _cEG-ScBUE _dEG-ScBUE |
||
| 043 | _ama----- | ||
| 082 | 0 | 4 |
_a345.560263 _bس ل ي _222 |
| 100 | 1 |
_aسليمان، عبد الفتاح، _eمؤلف. |
|
| 245 | 1 | 2 |
_aالاحتيال في العمل المصرفي في الدول العربية وطرق مكافحته : _bالاحتيال في الشريعة الإسلامية - الاحتيال التقليدي - تطبيقات الإحتيال التقليدي وطرق مكافحته - الاحتيال الإلكتروني - مكافحة الاحتيال الالكتروني / _cالمستشار القانوني عبد الفتاح سليمان. |
| 264 | 1 |
_a[القاهرة] : _bعبد الفتاح سليمان، _c2012. |
|
| 300 |
_a661 صفحة ؛ _c26 سم |
||
| 336 |
_2rdacontent _aنص _btxt |
||
| 337 |
_2rdamedia _aبدون وسيط _bn |
||
| 338 |
_2rdacarrier _aمجلد _bnc |
||
| 504 | _aيشتمل على إرجاعات ببليوجرافية. | ||
| 541 | _cDonation. | ||
| 650 | 7 |
_aجرائم الاحتيال والنصب _zالدول العربية. _2BUEsh |
|
| 653 | 7 |
_aBUEsh _bLLAAWW _cSeptember2021 |
|
| 655 | 7 |
_2BUEsh _vReading book _934232 |
|
| 942 | _2ddc | ||